Quiz o San Marino - Statystyki

Ogólne statystyki
  • Ten quiz został rozwiązany 3 407 razy
  • Średni wynik to 6 z 14
Statystyki odpowiedzi
Wskazówka Odpowiedź % Poprawnych
Stolica San Marino
99%
Kraj całkowicie otaczający San Marino Włochy
95%
Waluta Euro
80%
Kraj, który na krótko okupował San Marino w 1944 roku Niemcy
68%
Reprezentacja San Marino w piłce nożnej ma na swoim koncie 1 zwycięstwo, 4 remisy i 159 porażek. Jaki malutki pobliski kraj jest jedyną drużyną, jaką kiedykolwiek pokonali? Liechtenstein
60%
San Marino twierdzi, że jest _____ republiką świata Najstarszą
51%
San Marino to jedyny kraj na świecie, w którym _______ jest więcej niż ludzi Pojazdów
34%
Pasmo górskie, w którym leży San Marino Apeniny
31%
Brazylijski kierowca Formuły 1, który zginął podczas Grand Prix San Marino w 1994 roku (nie odbył się w San Marino) Ayrton Senna
29%
W herbie są trzy z nich Wieże
20%
Co sześć miesięcy parlament San Marino wybiera dwóch „kapitanów regentów”, którzy staną na czele kraju. Jaki urząd wybierany w starożytnym Rzymie był podobny do „Kapitana Regenta”? Konsul
18%
Największa osada Dogana
14%
Najwyższy szczyt 739 m n.p.m. Monte {Titano}
13%
San Marino jest podzielone na 9 gmin, które są znane jako _______ (zaczyna się na C) Castelli
8%
Nie znaleziono quizów pasujących do podanych kryteriów
Rozkład punktacji
Procent ludzi z każdym wynikiem
Percentyl według liczby udzielonych odpowiedzi
Twoja historia wyników
Nie rozwiązałeś tego quizu